Encyclopedie medico - chirurgicale

Bewaard in:
Bibliografische gegevens
Formaat: Boek
Taal:Undetermined
Gepubliceerd in: Paris Editions Techniques
Onderwerpen:
Tags: Voeg label toe
Geen labels, Wees de eerste die dit record labelt!
Thư viện lưu trữ: Trung tâm Học liệu Trường Đại học Cần Thơ
LEADER 00441nam a2200157Ia 4500
001 CTU_76742
008 210402s9999 xx 000 0 und d
082 |a 610.3 
082 |b E56/T.1/R2 
245 0 |a Encyclopedie medico - chirurgicale 
260 |a Paris 
260 |b Editions Techniques 
650 |a Medicine 
650 |x Dictionaries,Encyclopedias 
904 |i Mai Loan,Hải 
980 |a Trung tâm Học liệu Trường Đại học Cần Thơ